01286nam a2200337 i 4500001000300000245018500003246002700188260008700215300007100302490003600373500009000409546001600499650001500515655001700530700003300547700003900580830002900619015001700648020001500665020001800680020001500698020001800713020001500731020001800746040000800764041001300772044000800785080001600793008004100809856009800850bg00aEncyklopedia audiowizualna Britannica :bZiemia i Wszechświat /c[zespół aut. i tł. Piotr Adamczyk et al. ; aut. siatki haseł oraz przygot. red. Justyna Guziak-Jasiulewicz].18aZiemia i Wszechświat aPoznań :bWydawnictwo Kurpisz ;a[Warszawa] :bAxel Springer Polska,ccop. 2006. a157, [1] s. :bil. (w tym kolor.) ;c25 cm +edysk optyczny (DVD).1 aEncyclopædia Britannicavt. 21 aU góry okł. nazwa czas.: Dziennik. Przygot. na podst.: Britannica - edycja polska. aTł. z ang. 9aAstronomia aEncyklopedie1 aAdamczyk, Piotrc(tłumacz).1 aGuziak-Jasiulewicz, Justyna.eRed. aEncyclopædia Britannica aPB 9243/2007 a836056325X a9788360563250 a8360563047 a9788360563045 a159339330X a9781593393304 cBPK1 apolheng aPOL a520/524(03)070227s2006 pl a e |000 0 pol  uhttp://koha.tu.koszalin.pl/cgi-bin/koha/opac-detail.pl?biblionumber=54795yKatalog online BPK